Secado natural, manejo y transformación de la madera / (Registro nro. 7384)

Detalles MARC
000 -CABECERA
Campo de control 00832nam a22002297a 4500
005 - FECHA Y HORA DE LA ULTIMA TRANSACCION
Campo de control 20130717112627.0
008 - ELEMENTOS DE LONGITUD FIJA—INFORMACION GENERAL
Campo de control 120224s2010 ck a gr 000 0dspa d
015 ## - NATIONAL BIBLIOGRAPHY NUMBER
National bibliography number ck-2010-xxxx
020 ## - ISBN
ISBN 9789588317533
041 0# - IDIOMA
Código de idioma para texto/pista de sonido o título separado Español
082 04 - NUMERO DE CLASIFICACION DECIMAL DEWEY
Número de clasificación 674.38
Número del ítem S232s
245 00 - MENCION DE TITULO
Título Secado natural, manejo y transformación de la madera /
260 ## - PUBLICACION, DISTRIBUCION, ETC. (PIE DE IMPRENTA)
Lugar de publicación, distribución, etc. Bogotá :
Nombre del editor, distribuidor, etc. Ministerio de Ambiente, Vivienda y Desarrollo Territorial :
-- SINCHI. Instituto Amazónico de Investigaciones Científicas,
Fecha de publicación, distribución, etc. 2010.
300 ## - DESCRIPCION FISICA
Extensión 64 p. :
Otros detalles físicos il. ;
Dimensiones 28 cm.
650 #4 - ASIENTO SECUNDARIO DE MATERIA - TERMINO TEMATICO
Término temático o nombre geográfico como elemento de entrada Secado de la madera
Subdivisión general Ténicas.
650 #4 - ASIENTO SECUNDARIO DE MATERIA - TERMINO TEMATICO
Término temático o nombre geográfico como elemento de entrada Madera para construcción.
650 #4 - ASIENTO SECUNDARIO DE MATERIA - TERMINO TEMATICO
Término temático o nombre geográfico como elemento de entrada Acabado de la madera.
700 1# - ASIENTO SECUNDARIO - NOMBRE PERSONAL
Nombre personal Franco Santana, José Eli.
700 1# - ASIENTO SECUNDARIO - NOMBRE PERSONAL
Nombre personal Castaño Arboleda, Nicolás
700 1# - ASIENTO SECUNDARIO - NOMBRE PERSONAL
Nombre personal Ortiz Ríos, Luz Mary
942 ## - ELEMENTOS ADICIONALES (KOHA)
Sistema de clasificación Dewey Decimal Classification
Tipo de ítem
Existencias
Withdrawn status Lost status Sistema de Clasificación Damaged status No para préstamo Colección Inventariado Ubicación Permanente Ubicación actual Fecha de adquisición Fuente de Valor Valor Total Checkouts Número topográfico Inventario / Código de Barras Date last seen Ejemplar Price effective from Tipo de material
    Dewey Decimal Classification     General Inventariado 2017 Bogotá Bogotá 17/07/2013 Instituto 39000.00   LB 674.38 S232s 028327 17/07/2013 Ej. 1 17/07/2013 Libro
    Dewey Decimal Classification     General Inventariado 2017 Sala Fabio Quevedo Sala Fabio Quevedo 17/07/2013 Instituto 39000.00   LB 674.38 S232s 028475 17/07/2013 Ej. 2 17/07/2013 Libro